=LDR 00000nam 2200000 4500 =001 NUTBA000000000000963 =005 20201006100244 =035 ##$$a 0010-041400000000233 =008 201006################g##########0#ind## =020 ##$$a 979-20-4888-X =082 ##$$a 310.04 =100 ##$$a Singgih Santoso =245 1#$$a Mengatasi berbagai masalah stastistik dengan SPSS versi 11.5 /$c Singgih Santoso =260 ##$$a Jakarta :$b Elex Media Komputindo,$c 2003 =300 ##$$a XI,591 hlm : $b ilus ; $c 21 x 14 cm. =084 ##$$a 310.04 SIN m =250 ##$$a cet. 1 =650 #4$$a Statistik dengan SPSS Versi 11.5 =990 ##$$a 93022/BPAP-NTB/2014 =990 ##$$a 0001/BPAP-NTB/20142015 =990 ##$$a 10312139